[Event "Corus Wijk aan Zee"]
[Site " Wijk aan Zee"]
[Date "2007.01.15"]
[Round "3"]
[White "GM Tiviakov, Sergey (NED)"]
[Black "GM Kramnik, Vladimir (RUS) "]
[Result "1/2-1/2"]
[WhiteElo "2667"]
[BlackElo "2766"]
[Annotator "Ðîìàí Âèëÿâèí "]
[PlyCount "56"]
[EventDate "2007.01.??"]
[EventType "tourn"]
[EventCountry "NED"]
[EventCategory "19"]
[Source "CrestBook.com"]

{Â äàííîé ïàðòèè áîðüáû íå áûëî âîîáùå - ïàðòíåðû ðàçûãðàëè äëèííþ÷èé
ìåðòâîíè÷åéíûé âàðèàíò Ðóññêîé ïàðòèè è ñ ÷óâñòâîì âûïîëíåííîãî äîëãà
îòïðàâèëèñü îòäûõàòü.} {Â äàííîé ïàðòèè áîðüáû íå áûëî âîîáùå - ïàðòí,ðû
ðàçûãðàëè äëèííþùèé, ìåðòâîíè÷åéíûé âàðèàíò Ðóññêîé ïàðòèè, è ñ ÷óâñòâîì
âûïîëíåííîãî äîëãà îòïðàâèëèñü îòäûõàòü.} 1. e4 e5 2. Nf3 Nf6 3. d4 Nxe4 4. Bd3
d5 5. Nxe5 Nd7 6. Nxd7 Bxd7 7. O-O Bd6 8. c4 c6 9. cxd5 cxd5 10. Nc3 Nxc3 11.
bxc3 O-O 12. Qh5 g6 13. Qxd5 Qc7 14. Qf3 {«Èãðàþ êðåïêî - óâàæàþ!»} ({
Áîðüáà íà òðè ðåçóëüòàòà ìîãëà ïðîäîëæàòüñÿ ïîñëå} 14. Bh6 {. Ðåêîìåíäóþ
îáðàòèòü âíèìàíèå íà ïàðòèþ Ñóïåðôèíàëà 2005 ãîäà - Rublevsky,S (2652)
-Motylev,A (2632)/Moscow 2005.}) 14... Qxc3 {Óâàæåíèå, î÷åâèäíî, âçàèìíîå!} ({
×¸ðíûå, â ñâîþ î÷åðåäü, ìîãëè îáîñòðèòü èãðó õîäîì} 14... Bxh2+ $5 {
Laznicka,V (2596)-Shirov,A (2720)/Pamplona ESP 2006.}) 15. Bh6 Rfe8 16. Qf6 Bf8
17. Bxf8 Rxf8 18. Be4 Bc6 19. Rac1 Qb4 20. Bxc6 bxc6 21. Rxc6 Rad8 22. Ra6 ({
Äðóãàÿ âñòðå÷à Âëàäèìèðà Êðàìíèêà ñ åù¸ îäíèì óâàæàåìûì ãðîññìåéñòåðîì òàêæå
ïðîäîëæàëàñü íåäîëãî:} 22. Rd1 Qa4 23. Rd2 Qb4 24. Rd1 Qa4 25. Rcc1 Qxa2 26.
Ra1 Qb3 27. Rdb1 {1/2-1/2 Rublevsky,S (2652)-Kramnik,V (2739)/Moscow 2005.})
22... Qxd4 23. Qxd4 Rxd4 24. Rxa7 Rc8 25. g3 Rc2 26. Kg2 Rdd2 27. a3 Ra2 28. h4
Rd3 {. À âû ãîâîðèòå «ñîôèéñêèå ïðàâèëà»... Åñëè äâà ÷åëîâåêà õîòÿò ñäåëàòü
íè÷üþ - îíè å, ñäåëàþò!} 1/2-1/2

[Event "Corus Wijk aan Zee"]
[Site " Wijk aan Zee"]
[Date "2007.01.15"]
[Round "3"]
[White "GM Navarra, David (CZE)"]
[Black "GM Svidler, Peter (RUS)"]
[Result "1/2-1/2"]
[WhiteElo "2719"]
[BlackElo "2728"]
[Annotator "Âàñèëèé Ëåáåäåâ"]
[PlyCount "54"]
[EventDate "2007.01.??"]
[EventType "tourn"]
[EventCountry "NED"]
[EventCategory "19"]
[Source "CrestBook.com"]

1. Nf3 Nf6 2. c4 g6 3. Nc3 d5 4. Qa4+ Bd7 5. Qb3 dxc4 6. Qxc4 {«Âíîâü òîò æå
àíòèÃðþíôåëüä, ÷òî è âî â÷åðàøíåé ïàðòèè Êðàìíèê - Øèðîâ. Âñåì ïîíðàâèëîñü
îáûãðûâàòü òàê ÷¸ðíûõ! Îäíàêî Ï,òð èãðàåò çíà÷èòåëüíî áûñòðåå è, âîçìîæíî,
ñèëüíåå, ÷åì â÷åðà Àëåêñåé...» (Ñ. Øèïîâ)} a6 ({
Â ïàðòèè ïðåäûäóùåãî òóðà Àëåêñåé Øèðîâ ïîñëå} 6... Bg7 7. e4 {
ñíà÷àëà «çàñíóë» ïî÷òè íà ÷àñ (} c6 {), à î òîì, ÷òî ñëó÷èëîñü ïîòîì:
÷èòàéòå òóò: https://online.crestbook.com/wijk07-02.htm} 8. d4 b5) 7. d4 b5 8.
Qb3 Nc6 9. Bg5 $146 {Ðàíüøå âñå âñåãäà âûâîäèëè ñëîíà íà f4.} Be6 10. Qd1 ({
Òàê, êàê ìû, àòàê,ðû, îòñòóïàòü íå ëþáèì, ïîãëÿäèì, ÷òî áóäåò ïîñëå} 10. d5
$5 {À ñëó÷èòüñÿ ìîãëî ñëåäóþùåå} Bxd5 ({íà} 10... Nxd5 $2 {ñèëüíî áåññòðàøíîå
} 11. O-O-O $1) 11. Nxd5 Qxd5 12. Qxd5 ({ñëàáåå} 12. Rc1 $6 Qxb3 13. axb3 Nd8
$1 {ñ èäååé} 14. Rxc7 Ne6) 12... Nxd5 13. Rc1 {
. Ãì-ì... Ìîæåò, òóò äâà ñëîíà ÷òî-òî äà è çíà÷àò...}) 10... Bg7 11. e3 O-O
12. Be2 Nd5 13. Ne4 h6 14. Bh4 f5 {Êîãäà êîììåíòàòîð íå çíàåò, ÷òî ñêàçàòü,
îí îáû÷íî ðîíÿåò îäíó èç áàíàëüíîñòåé íàïîäîáèå ñëåäóþùåé: «îáÿçûâàþùåå
ïðîäîëæåíèå».} 15. Nc5 Qd6 16. O-O Bf7 17. Nb7 Qd7 18. Bg3 g5 {
Ïåøêà «f», êàê èãîëêà íèòêó, ïîòÿíóëà çà ñîáîé è ñâîþ ñîñåäêó ñ ëèíèè «g».
} 19. a4 $6 ({
À ÷òî, åñëè âìåñòî ýòîãî ôëàíãîâîãî óäàðà, «çàöåíòðèòü», äà ïî ïîëíîé:} 19.
Nc5 Qd8 20. Ne5 {Ñìîòðèì:} Nxe5 21. Bxe5 ({âèäèìî, ñëèøêîì âûçûâàþùå} 21. dxe5
f4 22. exf4 gxf4 23. e6 $1 Be8 $1 24. Bh4 Qd6) 21... Bxe5 22. dxe5 Qc8 ({ïîñëå
} 22... e6 {ñëîí ÷¸ðíûõ êàê-òî «íå ñìîòðèòñÿ»}) 23. Bh5 {
, è, ïîõîæå, ÷òî ó áåëûõ ïîëó÷øå. È ñîâñåì íå íà ÷óòü-÷óòü.}) 19... f4 $1
20. exf4 gxf4 21. Bh4 Ndb4 {ÈÌÕÎ:  ôèàíêåòòèðîâàííûé  â ÷óæîì ëàãåðå áåëûé
êîíü íàõîäèòñÿ íåñêîëüêî íå íà ñâî,ì ìåñòå.} 22. axb5 (22. Rc1 $5) 22... axb5
23. Rxa8 ({Ïîñëå} 23. Bxb5 $6 Rxa1 24. Qxa1 {«öåíòðèëèñü» óæå ÷¸ðíûå:} Qd5
$1 {È, êàæåòñÿ, ÷òî, êðîìå ÷óâñòâà ãëóáîêîãî óäîâëåòâîðåíèÿ îò ðåøåíèÿ
äåáþòíûõ çàäà÷, îíè ïîëó÷àëè òàêæå íåêîòîðûé ïåðåâåñ â îêîí÷àíèè:} 25. Qa4
{(âðîäå, ëó÷øåå)} Rb8 26. Rc1 $1 {(à ýòî âîîáùå, ïîõîæå, åäèíñòâåííîå)} Rxb7
27. Bxc6 Nxc6 28. Qxc6 ({èëè} 28. Rxc6 Be8 29. Rc5 $1 Bxa4 30. Rxd5 Rxb2 {
è ò.ä.}) 28... Qxc6 29. Rxc6 Bd5 30. Rc2 Bxf3 31. gxf3 Bxd4 {
, è áåëûå ïåøêè âûãëÿäÿò «ñëàáåå».}) 23... Rxa8 24. Bxb5 Qd5 25. Be2 Rb8 26.
Nc5 Nxd4 27. Nxd4 Qxc5 {
È çäåñü áûëà çàôèêñèðîâàíà íè÷üÿ. ßâíî ñ ïîçèöèè ÷¸ðíîé ñèëû!} 1/2-1/2

[Event "Corus Wijk aan Zee"]
[Site " Wijk aan Zee"]
[Date "2007.01.15"]
[Round "3"]
[White "GM Ponomariov, Ruslan (UKR)"]
[Black "GM Carlsen, Magnus (NOR)"]
[Result "1-0"]
[WhiteElo "2723"]
[BlackElo "2690"]
[Annotator "Âàñèëèé Ëåáåäåâ"]
[PlyCount "59"]
[EventDate "2007.01.??"]
[EventType "tourn"]
[EventCountry "NED"]
[EventCategory "19"]
[Source "CrestBook.com"]

1. d4 d5 2. c4 c6 3. Nc3 Nf6 4. e3 a6 5. Nf3 Bf5 6. Ne5 h6 7. Qb3 Ra7 {
Ó ôèãóð, ðàñïîëîæåííûõ íà îïðåäåë,ííûõ ïîëÿõ øàõìàòíîé äîñêè åñòü ïîïóëÿðíûå,
âñåì èçâåñòíûå, èìåíà.  Íàïðèìåð, êîíü Òàððàøà (ëþáîé íà êðàþ äîñêè); ñëîí
Ãóôåëüäà (÷¸ðíûé íà g7), ñëîí Ôèøåðà (áåëûé íà b3); êîíü Ïèëüñáåðè (áåëûé íà
å5), êîíü Êàñïàðîâà (÷¸ðíûé íà d3) è ò.ä. À çäåñü ïåðåä íàìè, âî âñåé ñâîåé
«áåçîáðàçíîé» êðàñå, ïðåäñòà,ò ëàäüÿ Ìîðîçåâè÷à.  Ïðàâäà, ïîøàðèë ÿ ïî áàçå
ïî ñâîåé è îáíàðóæèë, ÷òî áåçíàêàçàííî èãðàòü ñ ëàäü,é Ìîðîçåâè÷à òîëüêî
ñàìîìó Àëåêñàíäðó Ñåðãååâè÷ó è ïîä ñèëó. Ñòàòèñòèêà òóò òàêàÿ +4=2-1. Ñàìè
äîãàäàåòåñü, êòî îäåðæàë åäèíñòâåííóþ ïîáåäó ÷¸ðíûìè? Èëè ïîäñêàçàòü? :)} 8.
cxd5 cxd5 9. Bd2 e6 10. Rc1 Nbd7 11. Bb5 $1 {Õîòü è òåîðèÿ, íî ñèìïàòè÷íî
ñûãðàíî! «Áåëûå óæå â äåáþòå îðãàíèçîâàëè ñòðåìèòåëüíóþ àòàêó íà ôåðçåâîì
ôëàíãå. À çíàåò ëè Ìàãíóñ ýòîò âàðèàíò? Ýòî ãëàâíûé âîïðîñ òåêóùåãî ìîìåíòà...
» (Ñ. Øèïîâ). Ïîõîæå ÷òî, Ìàãíóñ áûë íå â êóðñå. Huebner,R: 'Dies ist ein
neuer Versuch, aber er bringt nicht viel ein.'} ({À âîò Òåéìóð Ðàäæàáîâ â
ïàðòèè ñ Àëåêñàíäðîì Ìîðîçåèÿååì, ãäå âïåðâûå âñòðåòèëàñü ýòà ïîçèöèè ñûãðàë
ïî äðóãîìó:} 11. Nxd7 Nxd7 12. Ne2 Nb8 13. Nf4 Bd6 (13... Nc6 $5 {
kommt auch in Betracht.}) 14. Bb4 Bxb4+ 15. Qxb4 Nc6 16. Qc5 Ra8 {
Ëàäüÿ ñòàëà îáû÷íîé... Íå «êðåàòèâíîé».} 17. Bd3 {(ïîõîæå, íåòî÷íîñòü)} g5
$1 {È çàòåì ïðîçâó÷àë ïîáåäíûé «ìàðø ñëàâÿíêè»... 0-1 (Radjabov,T (2610)
-Morozevich,A (2716), /Moscow 2002). Íó, Òåéìóð òîãäà «ìîëîäîé èøî» áûë!})
11... Bd6 ({Åñòåñòâåííî, óæàñíî} 11... axb5 12. Nxb5 $18 {
Huebner,R: 'ist natürlich ungesund für Schwarz.'}) ({Ïîõîæå, ÷òî ïðàâèëüíî} 
11... Be7 12. Nxd7 Nxd7 13. Bxd7+ Qxd7 (13... Kxd7 14. Qa4+ Kc7 15. e4 $1 $18)
14. Na4 {È Rybka îáåùàåò òóò ðàâåíñòâî ïîñëå} b5 $1 ({âèäèìî, õóæå} 14... Bd8
15. Nb6) (14... Qb5 15. Nb6 Qxb3 16. axb3 $14 {
...1-0 (Pert,N (2503)-Tippleston,C (2203), Swansea WLS 2006)}) 15. Nb6 (15. Nc5
Qc8 $1 {è Rc7}) 15... Qb7 16. Nc8 Ra8 17. Nxe7 Kxe7 {
, è áåëûå, íàñêîëüêî ÿ ïîíÿë íå óñïåâàþò óòâåðäèòüñÿ íà ëèíèè «ñ».}) 12.
Nxd7 Nxd7 13. Bxd7+ Qxd7 $2 {Íîâèíêà! Òðè «õà-õà»! Ýêñïàíñèâíûé Ìèãåëü
Íàéäîðô, íàâåðíîå, òóò âñêðè÷àë áû: «Äà òàê äàæå ìîé äÿäÿ íå èãðàë»!} ({
Ðàíüøå çäåñü ÷¸ðíûå âñ¸ âðåìÿ áèëè êîðîë,ì è äàæå ñäåëàëè îäíó íè÷üþ} 13...
Kxd7 14. Na4 (14. Ne2 {âñòðåòèëîñü â ïàðòèè èãðîêîâ ñî ñðåäíèì ðåéòèíãîì 2345,
÷òî ïîçâîëÿåò îãðàíè÷èòüñÿ óïîìèíàíèåì ðåçóëüòàòà - 1-0}) 14... b5 15. Nc5+
Ke7 16. f3 ({À âîò â ñëåäóþùåé ïàðòèè áåëûå, ïî-ìîåìó, ñäåëàëè ïàðî÷êó ÿâíî
ãåíèàëüíûõ (íà «ïåðâîðàçðÿäíûé» âçãëÿä) õîäîâ:} 16. a4 Qb8 17. a5 Rc8 18. Bb4
Kf8 19. Kd2 Kg8 20. Nd3 Bxb4+ 21. Nxb4 Rxc1 22. Rxc1 Qxh2 {. È ñåé÷àñ...} 23.
e4 $3 Bxe4 24. Qg3 $3 {Ïðåäëàãàÿ ïåðåõîä â ýíäøïèëü áåç äâóõ ïåøåê!} Qh5 ({
ìíîãî íå ñìîòðåë, íî èäåÿ âèäèìî òàêîâà: ïîñëå} 24... Qxg2 25. Qxg2 Bxg2 {
÷¸ðíûé ñëîí íå ìîæåò ïîïàñòü íà ôåðçåâûé ôëàíã...}) 25. f3 ({ñëàáåå} 25. Qb8+
Kh7 26. Qxa7 Qg5+ 27. Kd1 Qxg2 {
è òåïåðü ÷¸ðíûå ñîãëàøàþòñÿ íà íè÷üþ òîëüêî ïîñëå òî÷íîãî} 28. b3 $1 Qg1+
29. Kd2 Qg5+) 25... Bf5 26. Qf4 Ra8 27. Ke3 Bg6 28. Kf2 Kh7 29. Kg1 f6 30. Rc7
Bf7 31. Qg4 $3 Qxg4 32. fxg4 Be8 33. Re7 Rc8 34. Nxa6 Ra8 35. Nc5 Bg6 36. Nxe6
{1-0 Vaganian,R (2653)-Frolov,D (2418)/Togliatti 2003/CBM 094 ext}) 16... Re8
17. e4 dxe4 18. fxe4 Bg6 19. e5 Bxc5 20. Bb4 $1 Kd7 21. Bxc5 Qh4+ 22. g3 Qe4+
23. Kf2 Qf5+ 24. Qf3 {
1/2-1/2 Nielsen,P (2625)-Hansen,S (2537)/Malmo 2003/CBM 095/[Huebner,R]}) 14.
Na4 {
Ãäå-òî çäåñü íà ïîçèöèþ ÷¸ðíûõ (ÈÌÕÎ) íàäî ñòàâèòü ïîçîðíîå òàâðî: «+-».}
O-O ({Åñëè} 14... Bc7 {, òî} 15. Nb6 (15. g4 $5) 15... Qd8 16. Qa4+ Ke7 (16...
Kf8 17. Qd7 $1) 17. Bb4+ ({íàâåðíîå, íåïëîõî, è, óæ òî÷íî, ñïîêîéíåå} 17. Ba5
Bxb6 18. Qb4+ Qd6 19. Qxb6 Qxb6 20. Bxb6 Raa8 21. Rc7+ Kf6 22. Kd2 {
Íî â àíàëèçå «ïîêðåàòèâèòü» ñàìà Êàèññà âåëåëà! Ïîýòîìó...}) 17... Kf6 18.
Nd7+ Kg5 $5 (18... Kg6 19. Be7 $1 Qxe7 (19... Ba5+ 20. b4 Qxe7 21. Ne5+ Kh7 22.
Qxa5 $16) 20. Rxc7 Kh7 21. Qa3 $1) 19. h4+ Kh5 (19... Kg6 20. Be7 $1 {è ò.ä.})
20. Qd1+ $1 Kg6 21. h5+ Kh7 22. Nf8+ Kg8 23. g4 Be4 (23... Bh7 24. Nxh7 Rxh7
25. Qc2 $16) 24. f3 Ba5 ({ñèëüíåå} 24... Bg3+ 25. Kf1 $1 {è ò.ä.}) 25. Bxa5
Qxa5+ 26. Qd2 Qxd2+ 27. Kxd2 Bxf3 {È ñëåäóåò ÿð÷àéøåå} 28. Rc8 $3) 15. Nb6 {
Huebner,R: 'ist wesentlich ungünstiger für Schwarz.'} Qd8 {
È «êóäû êðåñòüÿíèíó ïîäàòüñÿ»?} 16. Nc8 $18 Qxc8 ({«Èëè»} 16... Ra8 17.
Nxd6 Qxd6 18. Bb4) 17. Rxc8 Rxc8 18. Qb6 $1 Bb8 19. O-O {
Êîíòðèãðû íåò... Ôåðçÿ òîæå... Íå ñäåëàíî åù¸ è 20 õîäîâ... Êîøìàð! 1} Kh7 20.
Rc1 Bc2 21. Ba5 Kg6 {Ñ ÷óâñòâîì þìîðà ó ìîëîäîãî ïîêîëåíèÿ âñ¸ â ïîðÿäêå!
Íàâåðíîå, êîðîëü èä,ò íà ïîìîùü ñëîíó íà ñ2. :)} 22. Qb4 Rc4 ({«Èëè»} 22...
Kf5 23. Qd2 Ke4 {Ýõ, íå óñïåë...}) 23. Qd2 ({×óòîê ïîëó÷øå áûëî, ïîõîæå} 23.
Qa3 $1 Ra4 24. Qf8 Ra8 25. Bc7 Rxa2 26. h4 $18 {, íî çà÷åì çà äîñêîé
âûïåäðèâàòüñÿ-òî? Äëÿ íàõîæäåíèÿ ïîäîáíûõ âàðèàíòîâ îáîçðåâàòåëè åñòü!}) 23...
Bf5 24. Rxc4 dxc4 25. Bb6 Ra8 26. Qe2 {
Ñïîêîéíî ãîòîâèìñÿ êóøàåì ñåáå ïîëåãîíüêó-ïîíåìíîæêó ÷¸ðíûå ïåøå÷êè.} e5 ({
Åñëè} 26... Bd3 {, òî ïîñëåäóåò} 27. Qg4+ Kh7 28. Qf3 $1 {Âèëêà è «àëëåñ»!})
27. Qxc4 exd4 28. Qxd4 f6 29. f4 Bb1 30. Qd5 {Äà óæ... Ïîâòîðþñü: ñ ëàäü,é
Ìîðîçåâè÷à òîëüêî ñàì Àëåêñàíäð Ñåðãååâè÷ è ìîæåò èãðàòü.} 1-0